000
00290nam a2200121 a 4500
008
101026s1989|||| d
100
1
_a
Makanin, Vladimír
245
1
0
_a
Sám a sama
260
_b
Slovenský spisovateľ
_a
Bratislava
_c
1989
020
_c
19
041
_a
slo
044
_a
xo
_c
SK
999
_c
12276
_d
12276